Starling v Lloyds TSB Bank (Record no. 62294)
[ view plain ]
| 000 -LEADER | |
|---|---|
| fixed length control field | 01025cam a2200205 4500 |
| 001 - CONTROL NUMBER | |
| control field | ABS61797 |
| 008 - FIXED-LENGTH DATA ELEMENTS--GENERAL INFORMATION | |
| fixed length control field | 000000n2000 000 0 eng u |
| 035 ## - SYSTEM CONTROL NUMBER | |
| System control number | (Sirsi) u103726 |
| 245 ## - TITLE STATEMENT | |
| Title | Starling v Lloyds TSB Bank |
| 260 ## - PUBLICATION, DISTRIBUTION, ETC. | |
| Date of publication, distribution, etc. | 2000 |
| 490 ## - SERIES STATEMENT | |
| Series statement | Estates Gazette |
| Volume/sequential designation | [2000] 01 EG 89-93(5) |
| 520 ## - SUMMARY, ETC. | |
| Summary, etc. | CA 29 August 1999. In 1980 claimant (S) granted defendant bank (L) a legal charge of a residential property to secure a loan. By express terms of legal charge, mortgagor was not allowed to lease the property and S was required to obtai consent of bank before letting. In 1991 S sought L's permission to let the property. Request was dismissed. S then commenced proceedings against L alleging a breach of certain pleaded duties of the bank. Court found banck in breach of duty. L appealed. Appeal allowed. |
| 590 ## - LOCAL NOTE (RLIN) | |
| Local note | ABS |
| 650 ## - SUBJECT ADDED ENTRY--TOPICAL TERM | |
| Topical term or geographic name entry element | BREACH OF DUTY |
| 650 ## - SUBJECT ADDED ENTRY--TOPICAL TERM | |
| Topical term or geographic name entry element | STARLING V LLOYDS TSB BANK LTD |
| 650 ## - SUBJECT ADDED ENTRY--TOPICAL TERM | |
| Topical term or geographic name entry element | MORTGAGES |
| 650 ## - SUBJECT ADDED ENTRY--TOPICAL TERM | |
| Topical term or geographic name entry element | CONSENT TO LEASE |
| 690 ## - LOCAL SUBJECT ADDED ENTRY--TOPICAL TERM (OCLC, RLIN) | |
| Topical term or geographic name as entry element | HOUSING-HOUSING FINANCE-CASE LAW |
| 942 ## - ADDED ENTRY ELEMENTS (KOHA) | |
| Suppress in OPAC | 0 |
| Withdrawn status | Lost status | Source of classification or shelving scheme | Damaged status | Not for loan | Home library | Current library | Shelving location | Date acquired | Total Checkouts | Full call number | Barcode | Date last seen | Copy number | Price effective from | Koha item type |
|---|---|---|---|---|---|---|---|---|---|---|---|---|---|---|---|
| Dewey Decimal Classification | London | London | Journal article | 20/01/2000 | ABS61797 | 103726-1001 | 06/08/2019 | 1 | 06/08/2019 | Law report |